[Event "WGM Marmaris Cleopatra 2018"]
[Site "Mentese Mugla"]
[Date "2018.10.26"]
[Round "1.6"]
[White "Ince, Safiye Oyku"]
[Black "Tereladze, Sopiko"]
[Result "0-1"]
[WhiteElo "1855"]
[BlackElo "2161"]
[Annotator "TA"]
[PlyCount "84"]
[EventDate "2018.10.26"]
[EventType "tourn"]
[EventCountry "TUR"]
[SourceTitle "playchess.com"]
[Source "ChessBase"]
[SourceQuality "1"]

{[%evp 26,83,8,-4,11,0,0,-5,-4,-34,-7,-12,0,0,3,0,31,12,38,41,35,42,40,19,19,25,20,20,19,19,19,19,21,19,12,11,8,0,0,0,31,0,0,0,0,0,0,-15,0,0,0,-29988,-29989,-29994,-29995,-29996,-29997,-29997,-29998,-29999]} 1. e4 e5 2. Nf3 Nc6 3. Nc3 Nf6 4. d4 exd4 5. Nxd4 Bb4 6. Nxc6 bxc6 7. Bd3 O-O 8. O-O d5 9. exd5 cxd5 10. Bg5 c6 11. Qf3 Be7 12. h3 Be6 13. Rad1 {C47: Scotch Four Knights and Four Knights with 4 g3} (13. Rae1 Rb8 14. Nd1 h6 15. Bxh6 gxh6 16. Rxe6 fxe6 17. Qg3+ Kh8 18. Qg6 Qe8 19. Qxh6+ Kg8 20. Qg5+ Kh8 21. Qh6+ Kg8 22. Qg5+ Kh8 23. Qh6+ {½-½ (23) Ovetchkin,R (2529)-Lysyj,I (2656) Ekaterinburg 2013}) 13... h6 14. Bf4 {LiveBook: 6 Games} Nd7 {[%cal Bf6d7,Bd7c5,Bc5d3][%mdl 32]} 15. Qg3 {The position is equal.} Bh4 16. Qf3 Nc5 $146 ({Predecessor:} 16... Re8 17. Rfe1 Qf6 18. Kh2 Nc5 19. Be2 d4 20. Ne4 Nxe4 21. Qxe4 Bxa2 22. Qf3 Bd5 {0-1 (22) Schutte,F-Opitz,P (2094) ICCF email 2011}) 17. Ne2 Nxd3 18. Qxd3 Bf6 19. b3 Qa5 20. a4 c5 21. Qg3 Kh8 22. Bd6 Rfe8 23. Nf4 c4 24. Nh5 Qc3 25. Nxf6 Qxf6 26. Be5 Qg5 27. Qxg5 hxg5 28. b4 Bf5 29. Rxd5 {[#] Strongly threatening Bxg7+!} Bxc2 30. Ra5 Bxa4 31. Bxg7+ (31. Bc3 {looks sharper.} Bb3 32. Rfa1 Re7 33. Rxg5 f6 34. Rga5) 31... Kxg7 32. Rxa4 $11 {[%mdl 4096] Endgame KRR-KRR} Re7 33. Rc1 Rc8 34. Ra5 Kf6 35. Kf1 Rec7 36. Rc2 c3 37. Ke2 Re8+ 38. Kd3 $2 {[%mdl 8192] [#]} (38. Kf3 $11) 38... Rd8+ {Black mates.} 39. Ke2 Re7+ 40. Kf3 Rd3+ 41. Kg4 Re4+ 42. Kh5 Rh4# {Precision: White = 52%, Black = 51%.} 0-1

[Event "WGM Marmaris Cleopatra 2018"]
[Site "Mentese Mugla"]
[Date "2018.10.26"]
[Round "1.7"]
[White "Soyunlu, Narmin"]
[Black "Abdulla, Khayala"]
[Result "1/2-1/2"]
[WhiteElo "2014"]
[BlackElo "2168"]
[Annotator "TA"]
[PlyCount "68"]
[EventDate "2018.10.26"]
[EventType "tourn"]
[EventCountry "TUR"]
[SourceTitle "playchess.com"]
[Source "ChessBase"]
[SourceQuality "1"]

{[%evp 23,68,-16,22,14,24,23,19,31,24,26,60,60,79,94,89,66,86,92,92,88,88,89,87,89,78,54,53,60,59,48,52,56,67,15,52,-13,0,8,8,4,8,8,8,8,12,8,12]} 1. c4 c5 2. Nc3 Nc6 3. g3 g6 4. Bg2 Bg7 5. Nf3 {[%cal Bg1f3,Bf3e1,Be1c2,Bc2e3,Be3d5][%mdl 32]} e5 6. d3 Nge7 7. O-O O-O 8. Ne1 d6 9. Nc2 Be6 10. Ne3 Rb8 11. Ned5 a6 12. a4 {[%cal Ba2a4,Ba4a5][%mdl 32]} f5 {LiveBook: 4 Partien. A37: Englische Eröffnung (Symmetrische Variante)} (12... b6 13. f4 exf4 14. Bxf4 Bxd5 15. Nxd5 Nxd5 16. Bxd5 Nb4 17. Qd2 Nxd5 18. cxd5 b5 19. Bh6 Bxh6 20. Qxh6 {½-½ (28) Grachev,B (2669)-Gabrielian,A (2555) Moscow 2014}) 13. Bg5 h6 14. Bxe7 Nxe7 {Weiß hat minimalen Vorteil.} 15. Nxe7+ Qxe7 16. Nd5 Qf7 $146 ({Vorgänger:} 16... Bxd5 17. Bxd5+ Kh7 18. a5 b5 19. axb6 Rxb6 20. Ra2 {½-½ (28) David,P (2436)-Jirovsky,P (2358) Czechia 2001}) 17. a5 $1 Rbe8 18. Qd2 g5 19. Rab1 e4 20. dxe4 fxe4 21. Bxe4 Bh3 22. Bg2 Bxg2 23. Kxg2 Qe6 24. Nc3 Qxc4 25. Qxd6 Re6 26. Qd3 Qxd3 27. exd3 Rd8 28. Rbd1 (28. Na4 $14) 28... Re7 29. Ne4 (29. Na4 $14) 29... Bxb2 {Die Stellung ist ausgeglichen.} 30. Nxc5 Rd5 31. Rb1 Rxc5 32. Rxb2 Rxa5 33. Rb6 Rd5 34. Rfb1 Rxd3 {Precision: Weiß = 61%, Schwarz = 66%.} 1/2-1/2

[Event "WGM Marmaris Cleopatra 2018"]
[Site "Mentese Mugla"]
[Date "2018.10.26"]
[Round "1.8"]
[White "Arda, Cagil Irmak"]
[Black "Dimitrijevic, Aleksandra"]
[Result "1/2-1/2"]
[WhiteElo "2096"]
[BlackElo "2189"]
[Annotator "TA"]
[PlyCount "97"]
[EventDate "2018.10.26"]
[EventType "tourn"]
[EventCountry "TUR"]
[SourceTitle "playchess.com"]
[Source "ChessBase"]
[SourceQuality "1"]

{[%evp 17,97,0,37,0,5,0,0,0,0,0,0,0,0,-24,-19,-45,0,0,0,0,20,-25,37,0,8,8,8,8,8,8,9,6,3,0,0,0,0,0,0,0,0,0,0,-3,-3,-10,0,0,0,-9,0,0,0,-4,0,0,-6,-23,-23,-114,-92,-78,-53,-114,-29,-29,-28,-25,-27,-59,-16,-16,-8,-17,-8,-8,0,0,0,0,0,0]} 1. e4 c5 2. Nf3 e6 3. d4 cxd4 4. Nxd4 Nf6 5. Nc3 Nc6 6. g3 a6 7. Bg2 Qc7 8. O-O Be7 9. Re1 d6 {LiveBook: 172 Games} 10. Nb3 {B80: Sicilian Scheveningen: 6 g3 and 6 Be3, including English Attack} b5 11. a3 Bb7 12. f4 O-O 13. Be3 Rfe8 (13... Nd7 14. Kh1 Nb6 15. Nd2 {1-0 (67) Andreikin,D (2743)-Dubov,D (2666) ICC INT 2016}) 14. Qe2 Rac8 15. g4 Nd7 $146 ({Predecessor:} 15... Bf8 16. g5 Nd7 17. Qf2 g6 18. h4 Na5 19. Nxa5 Qxa5 20. h5 Bg7 21. hxg6 hxg6 22. f5 exf5 {½-½ (22) Janik,I (2197)-Bretsnajdr,V (2288) Marianske Lazne 2015}) 16. Qf2 Na5 17. Nxa5 Qxa5 18. g5 Qc7 19. Rf1 Bf8 (19... Bd8 $11) 20. Rae1 a5 21. Nxb5 Qxc2 22. Qxc2 Rxc2 23. Rf2 Rxf2 24. Kxf2 Rb8 25. Ba7 Rc8 26. Nc3 g6 27. Rd1 Rc7 28. Be3 Ba6 29. Bf1 (29. Rd2 {keeps more tension.} h6 30. gxh6 Rb7 31. Na4 Bb5 32. Nc3) 29... Bxf1 30. Kxf1 Rb7 31. Rd2 f6 32. h4 Kf7 33. Rh2 Bg7 34. Nd1 f5 35. exf5 gxf5 36. h5 e5 37. h6 Bh8 38. Bd2 (38. Rc2 $11) 38... exf4 $17 39. Bxa5 Kg6 40. Bd2 (40. Rd2 $15) 40... Bxb2 ({Much weaker is} 40... Kxg5 $6 41. Rg2+ Kh5 42. Bxf4 $11) (40... Be5 $17 {And now ...Nc5 would win.} 41. b4 Ra7) 41. Nxb2 $11 Rxb2 42. Bxf4 $17 {[%mdl 4096] Endgame KRB-KRN} Rb1+ 43. Kg2 Ne5 44. Rh3 {The position is equal.} Rb2+ 45. Kg1 Ra2 46. Re3 Kh5 47. Bxe5 dxe5 48. Rxe5 Kxg5 49. Ra5 {Precision: White = 41%, Black = 52%.} 1/2-1/2

[Event "WGM Marmaris Cleopatra 2018"]
[Site "Mentese Mugla"]
[Date "2018.10.26"]
[Round "1.9"]
[White "Okuyaz, Duru"]
[Black "Zozulia, Anna"]
[Result "0-1"]
[WhiteElo "2108"]
[BlackElo "2292"]
[Annotator "TA"]
[PlyCount "89"]
[EventDate "2018.10.26"]
[EventType "tourn"]
[EventCountry "TUR"]
[SourceTitle "playchess.com"]
[Source "ChessBase"]
[SourceQuality "1"]

{[%evp 22,89,24,0,0,0,0,-1,0,-20,-21,-27,-27,-52,-60,-88,-79,-85,-47,-114,-107,-175,-145,-135,-143,-122,-139,-239,-156,-148,-133,-129,-108,-189,-174,-173,-180,-169,-164,-243,-222,-227,-203,-172,-191,-193,-151,-153,-143,-214,-209,-220,-208,-223,-234,-337,-354,-497,0,-183,-185,-342,-189,-293,-278,-288,-27,-578,-350,-354]} 1. e4 c5 2. Nf3 Nc6 3. d4 cxd4 4. Nxd4 Qb6 5. Nb3 Nf6 6. Nc3 e6 7. Be3 Qc7 8. a3 d6 9. Be2 {B33: Sicilian: Pelikan and Sveshnikov Variations} Be7 10. O-O O-O 11. f4 a6 12. Nd4 {LiveBook: 5 Games} (12. Qe1 b5 13. Nd4 Bb7 14. Qg3 Kh8 15. Nxc6 Bxc6 16. Bd4 Rad8 17. Bf3 Rg8 18. Rad1 {0-1 (40) Plat,V (2522)-Movsesian,S (2680) Minsk 2017}) 12... Nxd4 13. Bxd4 e5 14. Be3 exf4 15. Rxf4 Be6 16. Bd4 $146 ({Predecessor:} 16. Nd5 Bxd5 17. exd5 {0-1 (30) Grishaev,I (1986)-Tilicheev,V (2336) Moscow 2011}) 16... d5 17. Rxf6 Bxf6 18. Bxf6 gxf6 {[%cal Bg7f6,Bf6f5][%mdl 32]} 19. exd5 Bf5 20. Bd3 (20. Qd4 $15 Qe5 21. Qf2) 20... Bg6 21. Ne4 (21. Rb1 $17) 21... f5 $36 {[%mdl 2048] Black has strong initiative.} 22. Nf2 Qe5 23. c4 Qxb2 24. Rc1 (24. a4 $17) 24... b6 25. a4 a5 26. Rb1 Qd4 27. Qb3 (27. Bf1 $17 {was worth a try.} Qxd1 28. Rxd1) 27... Rab8 28. Rd1 Rfe8 29. Bf1 Qc5 30. d6 (30. Qb2 {is a better defense.}) 30... Re3 31. Qb2 Re6 32. Rd5 Qc6 $1 33. Qd2 Qxa4 34. Nd3 Qa1 ({Resist} 34... Qxc4 35. Nf4 $17) 35. c5 (35. Qg5 $17 Qf6 36. Qxf6 Rxf6 37. c5 bxc5 38. Nxc5) 35... bxc5 $19 {Hoping for ...Re4.} 36. d7 Rd8 37. Nxc5 Re1 {[%csl Ga1][%cal Re1f1]} 38. Qf2 (38. Qf4 $142 Qb1 39. Qf2) 38... Rb1 39. Qe2 (39. h4 $142 a4 40. h5) 39... Re1 $2 (39... a4 $19 {White must now prevent ...a3.} 40. Rd3 Re1) 40. Qf3 $2 (40. Qf2 $1 $11 {and White has nothing to worry.}) 40... Qb1 41. Rd6 $2 {[#]} (41. h4) 41... Bh5 (41... a4 $142 $1 42. Rc6 (42. Nxa4 Qb5) 42... Rd1) 42. Qg3+ {[#]} (42. Qf4 {was necessary.} Bg6 43. Qc4) 42... Kf8 $1 {[%csl Gb1][%cal Re1f1]} 43. Qf4 {Qh6+ would kill now.} Bg6 $2 ({Better is} 43... Qc1 $19 44. Nd3 Qxf4 45. Nxf4 Rd1) 44. Na4 $2 {[%mdl 8192]} (44. Rc6 $1 $11 {and White is okay.}) 44... Qb4 45. Rd4 {Precision: White = 34%, Black = 66%.} 0-1

[Event "WGM Marmaris Cleopatra 2018"]
[Site "Mentese Mugla"]
[Date "2018.10.26"]
[Round "1.10"]
[White "Isgandarova, Khayala"]
[Black "Tsatsalashvili, Keti"]
[Result "0-1"]
[WhiteElo "2194"]
[BlackElo "2330"]
[Annotator "TA"]
[PlyCount "81"]
[EventDate "2018.10.26"]
[EventType "tourn"]
[EventCountry "TUR"]
[SourceTitle "playchess.com"]
[Source "ChessBase"]
[SourceQuality "1"]

{[%evp 19,81,23,27,14,25,0,-6,-16,-20,-25,-6,-39,0,-17,29,35,23,18,1,30,19,22,8,2,0,0,59,57,45,24,94,156,154,19,27,-11,-7,-41,-41,-157,-133,-251,-234,-366,-369,-402,-184,-170,-63,-478,0,0,166,177,604,583,684,476,685,408,706,676,633,350]} 1. e4 c5 2. Nf3 d6 3. d4 cxd4 4. Nxd4 Nf6 5. Nc3 Bd7 6. Bg5 e6 7. Qd2 a6 {B56: Sizilianisch (Abweichung von Sozin- und Richter/Rauser-Variante)} (7... h6 8. Bxf6 Qxf6 9. Ndb5 Bxb5 10. Bxb5+ Nc6 11. O-O-O a6 12. Bxc6+ bxc6 13. f4 Qd8 14. g4 Qa5 15. h4 {½-½ (42) Leko,P (2714)-Li,C (2748) Szeged 2015 CBM 168 [Fischer,J]}) 8. f4 h6 9. Bxf6 Qxf6 10. O-O-O Qd8 {LiveBook: 7 Partien} 11. Nf3 Be7 12. e5 $146 ({Vorgänger:} 12. Kb1 b5 13. Bd3 Nc6 14. g4 Na5 15. f5 Qc7 16. fxe6 fxe6 17. e5 d5 18. Bg6+ Kd8 19. Nxd5 Nc4 20. Nxc7 Nxd2+ 21. Rxd2 Kxc7 22. Be4 {½-½ (22) Lechner,J-Schwarz,C Graz 1995}) 12... d5 13. Ne2 Nc6 14. Ned4 Qc7 15. g4 Rc8 16. Kb1 b5 17. Nxc6 Qxc6 18. Nd4 Qb6 19. f5 Bc5 20. Qf4 b4 21. h4 a5 22. Rh3 Ba4 (22... a4 $11) 23. Nb3 $14 Be7 24. Bd3 Qc7 (24... Bd7 $11 {hält das Gleichgewicht.}) 25. fxe6 $16 fxe6 {[#]} 26. Bg6+ ({Schwächer ist} 26. Rf1 Rf8 $11) (26. c4 $1 $16 {[%cal Rc4d5][%mdl 512]} Rf8 (26... dxc4 27. Bg6#) 27. Qd2) 26... Kd7 $11 27. Rh2 (27. Qe4 $5 Qc4 28. Qg2 $11) 27... Rhf8 $36 {[%mdl 2048] Schwarz drückt.} 28. Qd4 Bb5 29. Qd2 ({Günstiger ist} 29. Qe3 $15) 29... Qxe5 $17 {...Lf6 ist eine echte Drohung.} 30. Nd4 (30. Nxa5 $17 {kämpft weiter.} Rf6 31. h5) 30... Bf6 $19 31. c3 (31. b3 $142) 31... bxc3 32. bxc3 Rb8 (32... Ba4 $142 33. Re1 Qb8+ 34. Ka1 Qg3) 33. Ka1 Rfc8 (33... Bc4 $19 {Droht stark ...Dd6.} 34. Qc2 Kd6) 34. Re1 $2 {[%mdl 8192]} ({Besser ist} 34. Bf7 $1 $15) 34... Qc7 $2 (34... Qg3 $19 35. Re3 Qxg4) 35. Rh3 $1 $11 {Droht Lf7 und aus.} Rb6 $2 {[#]} (35... Qc4 $1 $11) 36. g5 $1 $18 {[%cal Rg5f6]} Be7 $2 {[#]} (36... Bxd4 37. Qxd4 Kc6) 37. Nxe6 $1 {[%mdl 512]} Qd6 (37... Rxe6 38. Qxd5+) 38. Bf5 g6 39. Bxg6 Kc6 (39... Rcb8 $142 40. Rhe3 (40. gxh6 Bc4 $18) 40... Kc8) 40. Nd4+ Kb7 41. Bf5 {[%mdl 32768] Precision: Weiß = 44%, Schwarz = 27%. . Loss on Time!?} 0-1

[Event "WGM Marmaris Cleopatra 2018"]
[Site "Mentese Mugla"]
[Date "2018.10.26"]
[Round "2.6"]
[White "Tsatsalashvili, Keti"]
[Black "Ince, Safiye Oyku"]
[Result "1-0"]
[WhiteElo "2330"]
[BlackElo "1855"]
[Annotator "NA"]
[PlyCount "99"]
[EventDate "2018.10.26"]
[EventType "tourn"]
[EventCountry "TUR"]
[SourceTitle "playchess.com"]
[Source "ChessBase"]
[SourceQuality "1"]
[TimeControl "5400+30"]

1. Nf3 {[%emt 0:00:30]} Nf6 {[%emt 0:09:30]} 2. d4 {[%emt 0:00:30]} e6 {[%emt 0:00:30]} 3. c4 {[%emt 0:00:00]} b6 {[%emt 0:00:30]} 4. g3 {[%emt 0:00:00]} Bb7 {[%emt 0:00:30]} 5. Bg2 {[%emt 0:00:30]} Be7 {[%emt 0:00:00]} 6. O-O {[%emt 0:00:30]} O-O {[%emt 0:00:00]} 7. Nc3 {[%emt 0:00:00]} d6 {[%emt 0:04:30]} 8. Re1 {[%emt 0:01:00]} Nbd7 {[%emt 0:01:30]} 9. e4 {[%emt 0:00:30]} e5 {[%emt 0:00:30]} 10. d5 {[%emt 0:00:30]} a5 {[%emt 0:00:30]} 11. a3 {[%emt 0:00:30]} Nc5 {[%emt 0:01:30]} 12. b3 {[%emt 0:01:30]} Bc8 {[%emt 0:06:30]} 13. Qc2 {[%emt 0:04:30]} Bd7 {[%emt 0:04:30]} 14. Nd2 {[%emt 0:01:30]} Nh5 {[%emt 0:05:30]} 15. Bb2 {[%emt 0:03:30]} Bg5 {[%emt 0:04:30]} 16. Nf3 {[%emt 0:04:30]} a4 {[%emt 0:08:30]} 17. b4 {[%emt 0:06:30]} Nb3 {[%emt 0:00:30]} 18. Rad1 {[%emt 0:00:30]} Be7 {[%emt 0:06:30]} 19. Qe2 {[%emt 0:03:30]} g6 {[%emt 0:00:30]} 20. Nb1 {[%emt 0:04:30]} Qc8 {[%emt 0:10:30]} 21. Nbd2 {[%emt 0:03:30]} Nxd2 {[%emt 0:00:30]} 22. Nxd2 {[%emt 0:01:30]} Bh3 {[%emt 0:02:30]} 23. Bxh3 {[%emt 0:07:30]} Qxh3 {[%emt 0:00:00]} 24. f3 {[%emt 0:00:00]} Bg5 {[%emt 0:03:00]} 25. Nb1 {[%emt 0:01:00]} f5 {[%emt 0:00:30]} 26. Qg2 {[%emt 0:00:30]} Qxg2+ {[%emt 0:00:30]} 27. Kxg2 {[%emt 0:14:30]} fxe4 {[%emt 0:20:44]} 28. Rxe4 {[%emt 0:00:00]} Ng7 {[%emt 0:00:41]} 29. h4 {[%emt 0:00:00]} Bf6 {[%emt 0:00:38]} 30. Nc3 {[%emt 0:00:30]} Nf5 {[%emt 0:00:37]} 31. Nb5 {[%emt 0:00:30]} Rf7 {[%emt 0:00:38]} 32. Bc3 {[%emt 0:00:30]} Bg7 {[%emt 0:00:39]} 33. Be1 {[%emt 0:00:30]} Bf6 {[%emt 0:00:38]} 34. Bf2 {[%emt 0:00:30]} Kg7 {[%emt 0:00:38]} 35. Rh1 {[%emt 0:00:30]} Raf8 {[%emt 0:00:40]} 36. g4 {[%emt 0:00:30]} Nd4 {[%emt 0:00:39]} 37. g5 {[%emt 0:00:30]} Nxf3 {[%emt 0:01:01]} 38. gxf6+ {[%emt 0:01:30]} Kxf6 {[%emt 0:00:56]} 39. Re2 {[%emt 0:02:30]} Kg7 {[%emt 0:01:34]} 40. Bg3 {[%emt 0:00:30]} g5 {[%emt 0:00:47]} 41. hxg5 {[%emt 0:01:30]} Nxg5 {[%emt 0:00:07]} 42. c5 {[%emt 0:02:30]} bxc5 {[%emt 0:00:53]} 43. bxc5 {[%emt 0:00:00]} Rb8 {[%emt 0:00:04]} 44. cxd6 {[%emt 0:02:00]} Rxb5 {[%emt 0:00:06]} 45. dxc7 {[%emt 0:00:30]} Rf8 {[%emt 0:00:36]} 46. Bxe5+ {[%emt 0:00:30]} Kg6 {[%emt 0:00:08]} 47. d6 {[%emt 0:01:30]} Ne6 {[%emt 0:01:32]} 48. Rc1 {[%emt 0:00:30]} Nc5 {[%emt 0:01:37]} 49. Rxc5 {[%emt 0:00:30]} Rxc5 {[%emt 0:00:10]} 50. d7 {[%emt 0:00:30]} 1-0

[Event "WGM Marmaris Cleopatra 2018"]
[Site "Mentese Mugla"]
[Date "2018.10.26"]
[Round "2.7"]
[White "Tereladze, Sopiko"]
[Black "Soyunlu, Narmin"]
[Result "1/2-1/2"]
[WhiteElo "2161"]
[BlackElo "2014"]
[Annotator "NA"]
[PlyCount "60"]
[EventDate "2018.10.26"]
[EventType "tourn"]
[EventCountry "TUR"]
[SourceTitle "playchess.com"]
[Source "ChessBase"]
[SourceQuality "1"]
[TimeControl "5400+30"]

1. e4 {[%emt 0:01:30]} e5 {[%emt 0:03:30]} 2. Nc3 {[%emt 0:01:30]} Nf6 {[%emt 0:00:30]} 3. f4 {[%emt 0:01:30]} d5 {[%emt 0:00:30]} 4. fxe5 {[%emt 0:00:30]} Nxe4 {[%emt 0:03:30]} 5. Nf3 {[%emt 0:01:30]} Bg4 {[%emt 0:07:30]} 6. d3 {[%emt 0:02:30]} Nc5 {[%emt 0:10:30]} 7. Be2 {[%emt 0:01:30]} Ne6 {[%emt 0:03:30]} 8. O-O {[%emt 0:03:30]} c6 {[%emt 0:15:30]} 9. d4 {[%emt 0:21:30]} Be7 {[%emt 0:13:30]} 10. Be3 {[%emt 0:03:30]} Nd7 {[%emt 0:01:30]} 11. Nd2 {[%emt 0:00:30]} Bxe2 {[%emt 0:02:30]} 12. Qxe2 {[%emt 0:00:00]} Nxe5 {[%emt 0:07:30]} 13. dxe5 {[%emt 0:08:00]} d4 {[%emt 0:00:30]} 14. Nde4 {[%emt 0:01:30]} dxe3 {[%emt 0:03:30]} 15. Qxe3 {[%emt 0:01:30]} Qb6 {[%emt 0:06:59]} 16. Qxb6 {[%emt 0:00:30]} axb6 {[%emt 0:00:05]} 17. Rad1 {[%emt 0:00:00]} Rd8 {[%emt 0:05:22]} 18. Rxd8+ {[%emt 0:02:00]} Nxd8 {[%emt 0:00:06]} 19. Rd1 {[%emt 0:02:30]} Ne6 {[%emt 0:04:02]} 20. Na4 {[%emt 0:04:30]} Nc5 {[%emt 0:02:55]} 21. Naxc5 {[%emt 0:09:30]} Bxc5+ {[%emt 0:00:07]} 22. Nxc5 {[%emt 0:00:30]} bxc5 {[%emt 0:00:01]} 23. Kf2 {[%emt 0:00:30]} Ke7 {[%emt 0:00:08]} 24. Kf3 {[%emt 0:00:30]} Ra8 {[%emt 0:00:14]} 25. a3 {[%emt 0:00:30]} Ra4 {[%emt 0:01:00]} 26. c3 {[%emt 0:04:30]} Rh4 {[%emt 0:01:27]} 27. h3 {[%emt 0:00:30]} Rh5 {[%emt 0:01:06]} 28. Kf4 {[%emt 0:00:30]} Rh4+ {[%emt 0:00:12]} 29. Kf3 {[%emt 0:00:30]} Rh5 {[%emt 0:01:43]} 30. Kf4 {[%emt 0:00:30]} Rh4+ {[%emt 0:01:18]} 1/2-1/2

[Event "WGM Marmaris Cleopatra 2018"]
[Site "Mentese Mugla"]
[Date "2018.10.26"]
[Round "2.8"]
[White "Abdulla, Khayala"]
[Black "Arda, Cagýl Irmak"]
[Result "1-0"]
[WhiteElo "2168"]
[BlackElo "2096"]
[Annotator "NA"]
[PlyCount "111"]
[EventDate "2018.10.26"]
[EventType "tourn"]
[EventCountry "TUR"]
[SourceTitle "playchess.com"]
[Source "ChessBase"]
[SourceQuality "1"]
[TimeControl "5400+30"]

1. e4 {[%emt 0:04:30]} c5 {[%emt 0:00:30]} 2. Nf3 {[%emt 0:01:30]} Nc6 {[%emt 0:00:00]} 3. d4 {[%emt 0:01:30]} cxd4 {[%emt 0:00:00]} 4. Nxd4 {[%emt 0:00:00]} Nf6 {[%emt 0:00:30]} 5. Nc3 {[%emt 0:00:00]} d6 {[%emt 0:00:00]} 6. Bc4 {[%emt 0:01:30]} e6 {[%emt 0:00:00]} 7. Bb3 {[%emt 0:02:30]} Be7 {[%emt 0:00:30]} 8. Be3 {[%emt 0:00:30]} a6 {[%emt 0:00:30]} 9. f4 {[%emt 0:00:30]} Qc7 {[%emt 0:07:30]} 10. Qf3 {[%emt 0:01:30]} Bd7 {[%emt 0:01:30]} 11. O-O-O {[%emt 0:02:30]} Rc8 {[%emt 0:01:30]} 12. g4 {[%emt 0:03:30]} Nxd4 {[%emt 0:01:30]} 13. Rxd4 {[%emt 0:00:30]} Bc6 {[%emt 0:00:30]} 14. g5 {[%emt 0:00:30]} Nd7 {[%emt 0:00:30]} 15. Qh3 {[%emt 0:03:30]} Nc5 {[%emt 0:07:30]} 16. Rf1 {[%emt 0:10:30]} Nxb3+ {[%emt 0:03:30]} 17. axb3 {[%emt 0:01:30]} b5 {[%emt 0:02:30]} 18. f5 {[%emt 0:07:30]} e5 {[%emt 0:03:30]} 19. Rd2 {[%emt 0:00:30]} b4 {[%emt 0:08:30]} 20. Nd5 {[%emt 0:01:30]} Bxd5 {[%emt 0:00:30]} 21. exd5 {[%emt 0:00:00]} Qd7 {[%emt 0:00:30]} 22. Qh5 {[%emt 0:03:00]} a5 {[%emt 0:10:30]} 23. g6 {[%emt 0:08:30]} Bf6 {[%emt 0:01:30]} 24. Bg5 {[%emt 0:08:30]} Bxg5 {[%emt 0:04:30]} 25. gxf7+ {[%emt 0:00:30]} Qxf7 {[%emt 0:00:30]} 26. Qxg5 {[%emt 0:00:00]} Qf6 {[%emt 0:02:30]} 27. Qh5+ {[%emt 0:01:00]} Qf7 {[%emt 0:02:30]} 28. Qg4 {[%emt 0:03:30]} Qf6 {[%emt 0:07:30]} 29. h4 {[%emt 0:00:30]} Rc5 {[%emt 0:04:30]} 30. h5 {[%emt 0:02:30]} Rf8 {[%emt 0:00:30]} 31. Kb1 {[%emt 0:05:30]} Rf7 {[%emt 0:00:30]} 32. Rh2 {[%emt 0:06:30]} Rxd5 {[%emt 0:09:30]} 33. h6 {[%emt 0:00:30]} Rd4 {[%emt 0:00:41]} 34. Qe2 {[%emt 0:00:40]} g6 {[%emt 0:03:30]} 35. Qb5+ {[%emt 0:01:10]} Ke7 {[%emt 0:00:32]} 36. Qb7+ {[%emt 0:00:29]} Ke8 {[%emt 0:00:39]} 37. Qc6+ {[%emt 0:01:50]} Ke7 {[%emt 0:03:55]} 38. Rhf2 {[%emt 0:01:52]} g5 {[%emt 0:04:27]} 39. Rg2 {[%emt 0:02:56]} Qxh6 {[%emt 0:03:08]} 40. Qc7+ {[%emt 0:01:50]} Ke8 {[%emt 0:00:16]} 41. Qc8+ {[%emt 0:00:27]} Ke7 {[%emt 0:00:07]} 42. Rfg1 {[%emt 0:00:57]} Rg7 {[%emt 0:03:27]} 43. c3 {[%emt 0:03:03]} Rf4 {[%emt 0:01:12]} 44. cxb4 {[%emt 0:01:44]} Qf6 {[%emt 0:01:27]} 45. Qc7+ {[%emt 0:02:48]} Ke8 {[%emt 0:00:23]} 46. Qc6+ {[%emt 0:00:35]} Ke7 {[%emt 0:00:35]} 47. bxa5 {[%emt 0:00:39]} Qxf5+ {[%emt 0:00:14]} 48. Ka2 {[%emt 0:00:07]} e4 {[%emt 0:01:44]} 49. Qc7+ {[%emt 0:00:15]} Qd7 {[%emt 0:00:51]} 50. Qc3 {[%emt 0:00:04]} Rgf7 {[%emt 0:00:50]} 51. Rxg5 {[%emt 0:00:23]} Rf3 {[%emt 0:00:25]} 52. Qb4 {[%emt 0:00:15]} e3 {[%emt 0:00:55]} 53. Re5+ {[%emt 0:01:39]} Kd8 {[%emt 0:00:17]} 54. Qb8+ {[%emt 0:00:27]} Qc8 {[%emt 0:00:06]} 55. Qxd6+ {[%emt 0:00:38]} Qd7 {[%emt 0:00:05]} 56. Qb8+ {[%emt 0:00:07]} 1-0

[Event "WGM Marmaris Cleopatra 2018"]
[Site "Mentese Mugla"]
[Date "2018.10.26"]
[Round "2.9"]
[White "Dimitrijevic, Aleksandra"]
[Black "Okuyaz, Duru"]
[Result "1-0"]
[WhiteElo "2189"]
[BlackElo "2108"]
[Annotator "NA"]
[PlyCount "71"]
[EventDate "2018.10.26"]
[EventType "tourn"]
[EventCountry "TUR"]
[SourceTitle "playchess.com"]
[Source "ChessBase"]
[SourceQuality "1"]
[TimeControl "5400+30"]

1. c4 {[%emt 0:00:30]} c6 {[%emt 0:00:30]} 2. Nc3 {[%emt 0:00:00]} d5 {[%emt 0:00:00]} 3. e3 {[%emt 0:00:00]} Nf6 {[%emt 0:00:00]} 4. Nf3 {[%emt 0:00:30]} e6 {[%emt 0:00:30]} 5. Qc2 {[%emt 0:00:30]} Nbd7 {[%emt 0:00:30]} 6. b3 {[%emt 0:01:30]} Bd6 {[%emt 0:00:30]} 7. Bb2 {[%emt 0:00:00]} O-O {[%emt 0:00:30]} 8. Be2 {[%emt 0:02:00]} a6 {[%emt 0:00:30]} 9. d4 {[%emt 0:02:30]} b5 {[%emt 0:01:30]} 10. a3 {[%emt 0:02:30]} Bb7 {[%emt 0:00:30]} 11. O-O {[%emt 0:04:30]} bxc4 {[%emt 0:09:30]} 12. bxc4 {[%emt 0:00:00]} dxc4 {[%emt 0:02:30]} 13. e4 {[%emt 0:03:00]} e5 {[%emt 0:01:30]} 14. Rad1 {[%emt 0:03:30]} Qc7 {[%emt 0:06:30]} 15. h3 {[%emt 0:05:30]} Rfe8 {[%emt 0:03:30]} 16. Bxc4 {[%emt 0:03:30]} exd4 {[%emt 0:03:30]} 17. Nxd4 {[%emt 0:00:00]} Be5 {[%emt 0:06:30]} 18. Nf5 {[%emt 0:08:00]} Nc5 {[%emt 0:03:30]} 19. Rfe1 {[%emt 0:02:30]} Rad8 {[%emt 0:03:30]} 20. Rxd8 {[%emt 0:03:30]} Rxd8 {[%emt 0:00:00]} 21. Rd1 {[%emt 0:17:30]} Bc8 {[%emt 0:03:00]} 22. Re1 {[%emt 0:18:30]} Bxc3 {[%emt 0:09:30]} 23. Qxc3 {[%emt 0:03:53]} Na4 {[%emt 0:00:30]} 24. Nh6+ {[%emt 0:00:19]} gxh6 {[%emt 0:03:30]} 25. Qxf6 {[%emt 0:00:08]} Nxb2 {[%emt 0:00:00]} 26. Bxf7+ {[%emt 0:00:12]} Qxf7 {[%emt 0:00:00]} 27. Qxd8+ {[%emt 0:00:03]} Qf8 {[%emt 0:00:30]} 28. Qxf8+ {[%emt 0:00:15]} Kxf8 {[%emt 0:00:30]} 29. Rb1 {[%emt 0:00:04]} Ke7 {[%emt 0:03:30]} 30. Rxb2 {[%emt 0:00:06]} Kd6 {[%emt 0:00:30]} 31. f4 {[%emt 0:00:30]} Kc5 {[%emt 0:00:00]} 32. Kf2 {[%emt 0:00:50]} Kd4 {[%emt 0:00:00]} 33. Rb4+ {[%emt 0:01:30]} Kd3 {[%emt 0:00:30]} 34. f5 {[%emt 0:00:33]} a5 {[%emt 0:01:30]} 35. Rb8 {[%emt 0:00:20]} Ba6 {[%emt 0:00:00]} 36. e5 {[%emt 0:00:05]} 1-0